El pacto de Guani / (Registro nro. 7199)

Detalles MARC
000 -LEADER
fixed length control field 00891nam a2200289 a 4500
001 - CONTROL NUMBER
control field 000017138
003 - CONTROL NUMBER IDENTIFIER
control field DO-SdBNP
005 - DATE AND TIME OF LATEST TRANSACTION
control field 20160920134640.0
007 - PHYSICAL DESCRIPTION FIXED FIELD--GENERAL INFORMATION
fixed length control field 000017138
008 - FIXED-LENGTH DATA ELEMENTS--GENERAL INFORMATION
fixed length control field 100318s2012 dr a 000 0 spa d
020 ## - INTERNATIONAL STANDARD BOOK NUMBER
International Standard Book Number 9789945883114
040 ## - CATALOGING SOURCE
Original cataloging agency BNPHU
Language of cataloging spa
Transcribing agency BNPHU
092 ## - LOCALLY ASSIGNED DEWEY CALL NUMBER (OCLC)
Item number R282p
100 1# - MAIN ENTRY--PERSONAL NAME
Personal name Read Escobal, Virginia
245 10 - TITLE STATEMENT
Title El pacto de Guani /
Statement of responsibility, etc. Virginia Read Escobal; ilustraciones de Henry Cid.
260 ## - PUBLICATION, DISTRIBUTION, ETC. (IMPRINT)
Place of publication, distribution, etc. Santo Domingo :
Name of publisher, distributor, etc. Alfaguara,
Date of publication, distribution, etc. 2012.
300 ## - PHYSICAL DESCRIPTION
Extent 118 p. ;
Dimensions 20 cm.
490 1# - SERIES STATEMENT
Series statement Afaguara juvenil
500 ## - GENERAL NOTE
General note Incluye datos biográficos del autor en la contracubierta
504 ## - BIBLIOGRAPHY, ETC. NOTE
Bibliography, etc Incluye bibliografías p. 81-83
650 #4 - SUBJECT ADDED ENTRY--TOPICAL TERM
Topical term or geographic name as entry element NOVELA JUVENIL DOMINICANA
650 #4 - SUBJECT ADDED ENTRY--TOPICAL TERM
Topical term or geographic name as entry element LITERATURA JUVENIL
Geographic subdivision REPÚBLICA DOMINICANA
700 12 - ADDED ENTRY--PERSONAL NAME
Personal name Cid, Henry
Relator term il.
830 #0 - SERIES ADDED ENTRY--UNIFORM TITLE
Uniform title Afaguara juvenil
942 ## - ADDED ENTRY ELEMENTS (KOHA)
Source of classification or shelving scheme Dewey Decimal Classification
Koha item type Libros
956 ## - LOCAL ELECTRONIC LOCATION AND ACCESS (OCLC)
Host name VMATEO
Access number 10
Compression information 20140602
Logon BPMSU
Processor of request 0069

No hay ítems disponibles.